000 00270nam a22001217a 4500
008 190205b xxu||||| |||| 00| 0 eng d
041 _aeng
080 _a316
100 _a50
101 _aSOC
245 _aThe Social Order of the Slum
_cSuttles, G.D
942 _2udc
_cBK
999 _c53983
_d53983